| 000 | 00742cam a22002538i 4500 | ||
|---|---|---|---|
| 008 | |||
| 020 | _a9781138838062 (pbk.) | ||
| 049 | _aMAIN | ||
| 090 |
_aTH435 _bBRO |
||
| 100 | 1 | _aBrook, Martin. | |
| 245 | 1 | 0 |
_aEstimating and tendering for construction work / _cMartin Brook. |
| 250 | _a5th ed. | ||
| 260 |
_aOxon : _bRoutledge Taylor & Francis, _c2017. |
||
| 300 |
_axxi, 334 p. : _bill. ; _c25 cm. |
||
| 500 | _aIncludes index. | ||
| 504 | _aIncludes bibliographical references. | ||
| 650 | 0 |
_aBuilding _xEstimates. |
|
| 650 | 0 | _aLetting of contracts. | |
| 907 |
_a.b10386063 _b24-10-17 _c18-10-17 |
||
| 003 | |||
| 005 | 20230123122315.0 | ||
| 040 | _cNUST | ||
| 942 |
_cBOOKS _kTH435 _mBRO |
||
| 999 |
_c131373 _d131373 |
||